Best Play Tony Winners Quiz Stats

 Plays Quiz not verified by Sporcle

Challenge
Share
Tweet
Embed
Score 0/20 Timer 04:00
0 Plays Today
% Correct
Death of a Salesman
80%
Who's Afraid of Virginia Woolf?
77.4%
The Crucible
73.2%
The Diary of Anne Frank
69.5%
The Miracle Worker
69.5%
Long Day's Journey Into Night
67.9%
Children of a Lesser God
67.9%
August: Osage County
67.4%
A Man for All Seasons
65.3%
War Horse
65.3%
% Correct
M. Butterfly
57.4%
Amadeus
54.2%
Biloxi Blues
53.7%
Doubt
52.6%
The Teahouse of the August Moon
50.5%
The Subject Was Roses
46.3%
Love! Valour! Compassion!
46.3%
Mister Roberts
45.8%
Becket
45.3%
Sleuth
39.5%

You're not logged in!

Compare scores with friends on all Sporcle quizzes.
Join for Free
OR
Log In

You Might Also Like...

Show Comments

Extras

Top Quizzes Today


Score Distribution

Your Account Isn't Verified!

In order to create a playlist on Sporcle, you need to verify the email address you used during registration. Go to your Sporcle Settings to finish the process.

Report this User

Report this user for behavior that violates our Community Guidelines.

Details: